| 000 | 01000nam a2200205Ia 4500 | ||
|---|---|---|---|
| 003 | Ost | ||
| 005 | 20260507075643.0 | ||
| 008 | 260507s9999||||xx |||||||||||||| ||und|| | ||
| 040 | _cfsecg | ||
| 041 | _aara | ||
| 082 | _a346.07 | ||
| 100 |
_aزوين، هشام _eمؤلف |
||
| 245 | 0 |
_aرهن المصنع والمحل التجاري في ضوء قانون بيع ورهن المحل التجاري : _bقانون التجارة والقانون المدني / _c هشام زوين |
|
| 260 |
_aالقاهرة: _bالمكتب الثقافي للنشر والتوزيع, _c2003 |
||
| 300 |
_a224 صفحة؛ _bإيضاحات ؛ _c24 سم |
||
| 520 | _aالمحل التجاري[ المتجر- المصنع]، رهن المحل التجاري ، النصوص القانونية الكاملة لقانوني بيع ورهن المحل التجاري وقانون السجل التجاري | ||
| 653 | _aالقانون التجاري | ||
| 653 | _aالقانون المدني | ||
| 942 | _cكتاب | ||
| 999 |
_c45441 _d45441 |
||